Encuentros y desencuentros de los cuerpos mutaciones en la trasmisión sexo poder = Encounters and disencounters of the bodies mutations in the transmission sex power /
Se analiza la narración de un líder comunal de Pueblo Nuevo, Pavas. Se utiliza el relato de dicho líder, en el cual se mencionan ciertos aspectos de un encuentro con una mujer. Para el análisis se realizó una desconstrucción de la narración sobre la relación sexo-poder interrogando acerca de condici...
Gorde:
| Egile nagusia: | |
|---|---|
| Erakunde egilea: | |
| Formatua: | Procedimiento de la Conferencia |
| Gaiak: | |
| Etiketak: |
Etiketa erantsi
Etiketarik gabe, Izan zaitez lehena erregistro honi etiketa jartzen!
|
MARC
| LEADER | 00000 a a2200000 04500 | ||
|---|---|---|---|
| 001 | 43423 | ||
| 003 | |||
| 040 | |||
| 100 | |a Chacón Echeverría, Laura | ||
| 245 | |a Encuentros y desencuentros de los cuerpos mutaciones en la trasmisión sexo poder = |b Encounters and disencounters of the bodies mutations in the transmission sex power / |c Laura Chacón Echeverría | ||
| 520 | |a Se analiza la narración de un líder comunal de Pueblo Nuevo, Pavas. Se utiliza el relato de dicho líder, en el cual se mencionan ciertos aspectos de un encuentro con una mujer. Para el análisis se realizó una desconstrucción de la narración sobre la relación sexo-poder interrogando acerca de condiciones sociales, históricas y subjetivas. Finalmente, se analiza las mutaciones en la conformación de la familia costarricense, dado el crecimiento en los hogares matrifocales y en las formas de pensar desde el laicismo y la defensa del matrimonio por amor. | ||
| 590 | |a KSR/AGOSTO2012 | ||
| 650 | |a 1.MASCULINIDAD | ||
| 650 | |a 2.FEMINEIDAD | ||
| 650 | |a 3.PODER | ||
| 650 | |a 4.SEXO | ||
| 650 | |a 6.SEXUALIDAD | ||
| 650 | |a 7.SIMPOSIO | ||
| 711 | |a Simposio Los muchos contextos de Espacio | ||
| 711 | |n ( | ||
| 711 | |d 2011 marzo 21-23 : | ||
| 711 | |c Universidad de Costa Rica) | ||
| 773 | |g volumen91, número1 ( , 2012), páginas 275-288 | ||
| 999 | |c 30499 |d 30499 | ||
